| 000 | 00625nam a2200241Ia 4500 | ||
|---|---|---|---|
| 008 | 170711s9999 xx 000 0 und d | ||
| 020 | _a9781402781117 | ||
| 050 | _a808.51 | ||
| 050 | _bC712 2009 | ||
| 100 | _aCollins, Patrick | ||
| 245 | _aSpeak with power and confidence : | ||
| 245 | _btested ideas for becoming a more powerful communicator / | ||
| 245 | _cby Patrick Collins. | ||
| 260 | _aNew York : | ||
| 260 | _bSterling, | ||
| 260 | _c2009 | ||
| 300 | _a288 pages : | ||
| 300 | _billustrations ; | ||
| 300 | _c17cm. | ||
| 500 | _aIncludes index. | ||
| 650 | _aPublic speaking. | ||
| 700 | _aTitle. | ||
| 999 |
_c339658 _d339658 |
||